00739 2200253 4500001002100000005001700021008004100038020001800079035002500097082001200122090001900134100002800153245008100181250001000262260004100272300001900313500005300332650002200385700002100407850001200428990001500440990001500455990001500470YOGYA-0209000001440320150420092308.0 ind  a979-421-408-6 a0010-020900000014403 a297.122 a297.122bFar M aAL-FARMAWI, Abd.Al-Hayy aMetode tafsir mawdhuiycAbd. Al-Hayy Al-Farmawi ; penyadur, Suryan A. Jamrah aCet.1 aJakartabRaja grafindo persadac1994 a154 hlmc21 cm aJudul asli : al-bidayah fa al-tafsir al mawdhuiy aAl-Qur an -Tafsir aJamrah, Suryan A aYOPDYOG a98270-P/97 a98271-P/97 a98272-P/97